[Event "Raisoni Memorial op U15"]
[Site "Nagpur"]
[Date "2012.09.18"]
[Round "2"]
[White "Sayan, Sen"]
[Black "Vasantha Ruba, Varman"]
[Result "0-1"]
[WhiteElo "1723"]
[BlackElo "2051"]
[PlyCount "85"]
[EventDate "2012.09.17"]
[EventType "swiss"]
[EventRounds "11"]
[EventCountry "IND"]
[SourceTitle "CBM 150 Extra"]
[Source "ChessBase"]
[SourceDate "2012.10.19"]
[SourceVersion "1"]
[SourceVersionDate "2012.10.19"]
[SourceQuality "1"]

1. e4 c5 2. Nf3 e6 3. d4 cxd4 4. Nxd4 Nc6 5. Nc3 Qc7 6. Be3 a6 7. Bd3 Nf6 8. 0-0 b5 9. a3 Bb7 10. f4 Nxd4 11. Bxd4 Bc5 12. Bxc5 Qxc5+ 13. Kh1 h5 14. e5 Ng4 15. Be4 Bc6 16. Qe2 d5 17. exd6 Qxd6 18. Rad1 Qc7 19. Bxc6+ Qxc6 20. Ne4 0-0 21. Ng3 Qc5 22. Rd3 g6 23. Ne4 Qf5 24. Rc3 Rad8 25. h3 Nf6 26. Nxf6+ Qxf6 27. Rff3 Rd5 28. b4 Rfd8 29. Rcd3 Rxd3 30. Rxd3 Rxd3 31. Qxd3 Qxf4 32. Qd8+ Kh7 33. Qd7 e5 34. Qb7 e4 35. Kg1 e3 36. Qf3 Qxf3 37. gxf3 g5 38. Kf1 f5 39. Ke2 f4 40. c4 bxc4 41. a4 c3 42. Kd3 g4 43. fxg4 0-1